ბათუმის შოთა რუსთაველის სახელმწიფო უნივერსიტეტის ბიბლიოთეკა

The world America made / (ბიბ.ჩანაწერი № 57603)

000 -LEADER
fixed length control field 01848cam a22004094a 4500
001 - CONTROL NUMBER
control field 17115109
005 - DATE AND TIME OF LATEST TRANSACTION
control field 20200813115508.0
008 - FIXED-LENGTH DATA ELEMENTS--GENERAL INFORMATION
fixed length control field 120110s2012 nyu b 000 0 eng c
010 ## - LIBRARY OF CONGRESS CONTROL NUMBER
LC control number 2012930723
020 ## - INTERNATIONAL STANDARD BOOK NUMBER
International Standard Book Number 9780307961310
035 ## - SYSTEM CONTROL NUMBER
System control number (OCoLC)ocn768799273
040 ## - CATALOGING SOURCE
Original cataloging agency BTCTA
Language of cataloging eng
Transcribing agency BTCTA
Modifying agency YDXCP
-- JBL
-- ABG
-- MTG
-- BDX
-- AFQ
-- Y#4
-- BWX
-- DLC
041 ## - LANGUAGE CODE
Language code of text/sound track or separate title eng
042 ## - AUTHENTICATION CODE
Authentication code pcc
043 ## - GEOGRAPHIC AREA CODE
Geographic area code n-us---
050 00 - LIBRARY OF CONGRESS CALL NUMBER
Classification number JZ1313
Item number .K24 2012
080 ## - UNIVERSAL DECIMAL CLASSIFICATION NUMBER
Universal Decimal Classification number 327.1 K-11
082 00 - DEWEY DECIMAL CLASSIFICATION NUMBER
Edition number 23
100 1# - MAIN ENTRY--PERSONAL NAME
Personal name Kagan, Robert.
9 (RLIN) 9189
245 14 - TITLE STATEMENT
Title The world America made /
Statement of responsibility, etc. Robert Kagan.
250 ## - EDITION STATEMENT
Edition statement 1st ed.
264 ## - PRODUCTION, PUBLICATION, DISTRIBUTION, MANUFACTURE, AND COPYRIGHT NOTICE
Place of production, publication, distribution, manufacture New York :
Name of producer, publisher, distributor, manufacturer Alfred A. Knopf,
Date of production, publication, distribution, manufacture, or copyright notice 2012.
300 ## - PHYSICAL DESCRIPTION
Extent 149 p. ;
Dimensions 20 cm.
504 ## - BIBLIOGRAPHY, ETC. NOTE
Bibliography, etc. note Includes bibliographical references (p. [141]-149).
520 ## - SUMMARY, ETC.
Summary, etc. "What would the world look like if America were to reduce its role as a global leader in order to focus all its energies on solving its problems at home? And is America really in decline? Robert Kagan ... paints a vivid, alarming picture of what the world might look like if the United States were truly to let its influence wane"--Flap p. 1 of dust jacket.
650 #0 - SUBJECT ADDED ENTRY--TOPICAL TERM
Topical term or geographic name entry element World politics
Chronological subdivision 21st century
General subdivision Forecasting.
9 (RLIN) 9190
650 #0 - SUBJECT ADDED ENTRY--TOPICAL TERM
Topical term or geographic name entry element International relations
General subdivision Forecasting.
9 (RLIN) 9191
650 #0 - SUBJECT ADDED ENTRY--TOPICAL TERM
Topical term or geographic name entry element International economic relations
General subdivision Forecasting.
9 (RLIN) 9192
650 #0 - SUBJECT ADDED ENTRY--TOPICAL TERM
Topical term or geographic name entry element Globalization
General subdivision Forecasting.
9 (RLIN) 9193
650 #0 - SUBJECT ADDED ENTRY--TOPICAL TERM
Topical term or geographic name entry element Twenty-first century
Form subdivision Forecasts.
9 (RLIN) 9194
651 #0 - SUBJECT ADDED ENTRY--GEOGRAPHIC NAME
Geographic name United States
General subdivision Foreign relations
Chronological subdivision 21st century
General subdivision Forecasting.
9 (RLIN) 9195
653 ## - INDEX TERM--UNCONTROLLED
keyword მსოფლიო პოლიტიკა
653 ## - INDEX TERM--UNCONTROLLED
keyword გლობალიზაცია
906 ## - LOCAL DATA ELEMENT F, LDF (RLIN)
a 0
b vip
c pccadap
d 1
e epcn
f 20
g y-gencatlg
942 ## - ADDED ENTRY ELEMENTS (KOHA)
Source of classification or shelving scheme
Koha item type წიგნი
ეგზემპლარები
Withdrawn status Lost status Source of classification or shelving scheme Damaged status Not for loan Permanent Location Current Location Shelving location Date acquired Cost, normal purchase price Full call number Barcode Date last seen Copy number Price effective from Koha item type Public note
          ბათუმის შოთა რუსთაველის სახელმწიფო უნივერსიტეტის მთავარი ბიბლიოთეკა ბათუმის შოთა რუსთაველის სახელმწიფო უნივერსიტეტის მთავარი ბიბლიოთეკა წიგნსაცავი 2020-08-13 36.00 327.1 K-11 60813 2020-08-13 60813 2020-08-13 წიგნი 36 ლ.